000 00569nam a2200229Ia 4500
003 OSt
005 20221005122902.0
006 a|||||r|||| 00| 0
007 ta
008 221004b |||||||| |||| 00| 0 tam d
024 _a62086
037 _cTextual
040 _aCRL
_cCRL
_btam
041 _2tam
_atam
082 _aO31, J0
100 _aVermathan Buran Udaya
_9632774
245 0 _aKavanodyam prakashas
260 _c1950
650 _aTAMIL LITERATURE
942 _hO31, J0
_cTEXL
_2cc
999 _c1045698
_d1045698